ბათუმის შოთა რუსთაველის სახელმწიფო უნივერსიტეტის ბიბლიოთეკა

Public papers of the presidents of the United States Herbert Hoover (ბიბ.ჩანაწერი № 50837)

000 -LEADER
fixed length control field 00572nam a2200145Ia 4500
001 - CONTROL NUMBER
control field 17791
003 - CONTROL NUMBER IDENTIFIER
control field GE_BSU
008 - FIXED-LENGTH DATA ELEMENTS--GENERAL INFORMATION
fixed length control field 181216s||||||||xx |||||||||||||| ||und||
040 ## - CATALOGING SOURCE
Transcribing agency GE_BSU
245 ## - TITLE STATEMENT
Title Public papers of the presidents of the United States Herbert Hoover
245 ## - TITLE STATEMENT
Remainder of title Containing the Public Message, Speeches, and Statements of the President. January i to december 31,1931
653 ## - INDEX TERM--UNCONTROLLED
Uncontrolled term Containing the Public Message, Speeches, and Statements of the President. January i to december
653 ## - INDEX TERM--UNCONTROLLED
Uncontrolled term Public papers of the presidents of the United States
942 ## - ADDED ENTRY ELEMENTS (KOHA)
Koha item type წიგნი

არაა ხელმისაწვდომი ეგზემპლარები.